| 000 | 00517nam a2200193Ia 4500 | ||
|---|---|---|---|
| 005 | 20250508162639.0 | ||
| 008 | 008 250505s9999 xx 000 0 eng d | ||
| 037 | _aTextual | ||
| 040 |
_aFEDL _beng _cFEDL |
||
| 041 |
_aeng _2eng |
||
| 084 |
_a301, JAT _qFEDL |
||
| 100 | _aJatava D. R. | ||
| 245 | 0 | _aEvolution of Indian social thought | |
| 260 |
_aJaipur, India _bBohra Publications _c1987 |
||
| 300 | _ax,444p. | ||
| 650 | _aSociology | ||
| 942 |
_cTEXL _h301, JAT |
||
| 999 |
_c1377828 _d1377828 |
||